History Quiz

Random History or Nation Quiz

Find the Famous Figure's Birthplace Quiz Stats

 Plays Quiz Updated Jan 9, 2016

Challenge
Share
Tweet
Score 0/26 Timer 05:00
3 Plays Today
% Correct
India
97.8%
United States
97.4%
South Africa
97.2%
China
96.7%
UK
94.4%
France
91.5%
Russia
90.3%
Greece
90.2%
Italy
87.3%
Libya
83.1%
Egypt
80.2%
Poland
76.3%
Germany
74.7%
% Correct
Norway
71.6%
Mexico
62.4%
Ethiopia
60.6%
Chile
59.3%
Philippines
58%
Romania
56%
Pakistan
50.8%
Portugal
44.4%
Argentina
36.6%
Japan
28.3%
Ghana
25.9%
Venezuela
21.3%
Iraq
15%

You're not logged in!

Compare scores with friends on all Sporcle quizzes.
Join for Free
OR
Log In

You Might Also Like...

Show Comments

Extras

Top Quizzes Today


Score Distribution

Your Account Isn't Verified!

In order to create a playlist on Sporcle, you need to verify the email address you used during registration. Go to your Sporcle Settings to finish the process.

Report this User

Report this user for behavior that violates our Community Guidelines.

Details: